10 endroits à visiter à Strasbourg - Statistiques

Statistiques générales
  • Ce quiz a été pris 26 fois
  • Le résultat moyen est 2 sur 10
Statistiques - réponses
Réponse % Correct
4 Place Kléber
76%
1 Cathédrale de Strasbourg
62%
6 Parc de l’orangerie
19%
7 Palais Rohan
14%
3 Place Gutenberg
10%
8 Maison Kammerzell
5%
10 Ponts couverts
5%
5 Quartier de la petite France
5%
2 Quartier européen
5%
9 Théâtre national
5%
Aucun quiz correspondant
Distribution des résultats
% des personnes avec chaque résultat
Percentile par nombre de réponses
Votre historique - résultats
Vous n’avez pas pris ce quiz